书目信息 |
| 题名: |
猎人笔记
|
|
| 作者: | 屠格涅夫 , Тургенев 著 ;丰子恺 译 | |
| 分册: | ||
| 出版信息: | 北京 人民文学出版社 1962 |
|
| 页数: | 420页 | |
| 开本: | 20cm | |
| 丛书名: | 外国文学名著丛书 | |
| 单 册: | ||
| 中图分类: | I512.44 , I512.4 | |
| 科图分类: | ||
| 主题词: | 长篇小说--苏联--近代 , 文学 | |
| 电子资源: | ||
| ISBN: | ||
| 000 | 00849nam2 2200301 45 | |
| 001 | 0179005938 | |
| 005 | 20060912233212.70 | |
| 010 | @dCNY1.30 | |
| 091 | @a10019.420 | |
| 100 | @a19950721e19791962em y0chiy0121 ea | |
| 101 | 1 | @achi@crus |
| 102 | @aCN@b110000 | |
| 105 | @af z 000ay | |
| 106 | @ar | |
| 200 | 10 | @a猎人笔记@Alie ren bi ji@f(俄)屠格涅夫(И.С.Тургенев)著@g丰子恺译 |
| 210 | @a北京@c人民文学出版社@d1962@h1979重印 | |
| 215 | @a420页@c照片@d20cm | |
| 225 | 2 | @a外国文学名著丛书 |
| 410 | 0 | @120010@a外国文学名著丛书 |
| 606 | @a长篇小说@y苏联@z近代 | |
| 606 | 0 | @a文学 |
| 690 | @aI512.44@v3 | |
| 690 | @aI512.4 | |
| 701 | 1 | @a屠格涅夫@Atu ge nie fu@bИ.С.@4著 |
| 701 | A1 | @aТургенев@bИ.С.@4著 |
| 702 | 0 | @a丰子恺@Afeng zi kai@4译 |
| 801 | 0 | @aCN@bNLC@c20060912 |
| 905 | @f1@b220471@dI512.4@e401 | |
| 猎人笔记/(俄)屠格涅夫(И.С.Тургенев)著/丰子恺译.-北京:人民文学出版社,1962(1979重印) |
| 420页:照片;20cm.-(外国文学名著丛书) |
| ISBN :CNY1.30 |
| ● |
| 相关链接 |
|
|
|
|
正题名:猎人笔记
索取号:I512.4/401
 
预约/预借
| 序号 | 登录号 | 条形码 | 馆藏地/架位号 | 状态 | 备注 |
| 1 | 0220471 | 000650691 | 第二借阅区/ [索取号:I512.4/401] | 在馆 |